Datum a čas kvízu
32
Celkem bodů
Celkový počet nahraných bodů na tomto kvízu bez doplňovacích otázek.
1.
Pořadí na kvízu
Konečné umístění týmu na tomto kvízu.
Zaznamenané odpovědi
| # | Otázka | Odpověď | Body | Výsledky |
|---|---|---|---|---|
| 1. | Jedno naše město bojuje proti... | Brno | 1 | |
| 2. | Do boje o Bílý dům se minulý t... | Joe Biden | 1 | |
| 3. | Minulý týden vstoupil do kin p... | (Avengers:) Endgame | 1 | |
| 4. | Kanadská těžařská společnosti... | Botswana | 0 | |
| 5. | Olomoucké hráčky ve třetím fin... | o volejbale | 1 | |
| 6. | Na obrázku vidíme nizozemské m... | Gouda | 1 | |
| 7. | Jak se jmenuje bývalá nizozems... | Beatrix | 1 | |
| 8. | Nizozemsko se může pyšnit slav... | brambory | 1 | |
| 9. | Nadnárodní společnost, která s... | Ahold | 1 | |
| 10. | Mezi nejoblíbenější sporty v N... | Hendrik Johannes Cruijff (Johan Cruyff) | 1 |